<?xml version="1.0" encoding="UTF-8"?>
<record
    xmlns:xsi="http://www.w3.org/2001/XMLSchema-instance"
    xsi:schemaLocation="http://www.loc.gov/MARC21/slim http://www.loc.gov/standards/marcxml/schema/MARC21slim.xsd"
    xmlns="http://www.loc.gov/MARC21/slim">

  <leader>01247cam a2200325 i 4500</leader>
  <controlfield tag="001">zz2007929578</controlfield>
  <controlfield tag="003">NUKAT</controlfield>
  <controlfield tag="005">20260411210107.0</controlfield>
  <controlfield tag="008">070918s1914    gw       d   |000 0dger c</controlfield>
  <datafield tag="035" ind1=" " ind2=" ">
    <subfield code="a">(OCoLC)749436864</subfield>
  </datafield>
  <datafield tag="035" ind1=" " ind2=" ">
    <subfield code="a">(NUKAT)zz2007929578</subfield>
  </datafield>
  <datafield tag="040" ind1=" " ind2=" ">
    <subfield code="a">TOR U/PDJR</subfield>
    <subfield code="c">TOR U/PDJR</subfield>
    <subfield code="d">TOR U/AP</subfield>
    <subfield code="d">KR 295/ADs</subfield>
  </datafield>
  <datafield tag="099" ind1=" " ind2=" ">
    <subfield code="a">hh_587140</subfield>
  </datafield>
  <datafield tag="245" ind1="0" ind2="0">
    <subfield code="a">Lexikon der P&#xE4;dagogik.</subfield>
    <subfield code="n">Bd. 3,</subfield>
    <subfield code="p">Kommentar bis Pragmatismus /</subfield>
    <subfield code="c">im Verein mit Fachm&#xE4;nnern und unter besonderer Mitwirkung von Otto Willmann ; hrsg. von Ernst M. Roloff.</subfield>
  </datafield>
  <datafield tag="246" ind1="3" ind2=" ">
    <subfield code="a">Kommentar bis Pragmatismus</subfield>
  </datafield>
  <datafield tag="260" ind1=" " ind2=" ">
    <subfield code="a">Freiburg im Breisgau :</subfield>
    <subfield code="b">Herdersche Verlagshandlung,</subfield>
    <subfield code="c">1914.</subfield>
  </datafield>
  <datafield tag="300" ind1=" " ind2=" ">
    <subfield code="a">XV, s., 1352 szp. ;</subfield>
    <subfield code="c">26 cm.</subfield>
  </datafield>
  <datafield tag="336" ind1=" " ind2=" ">
    <subfield code="a">Tekst</subfield>
    <subfield code="b">txt</subfield>
    <subfield code="2">rdacontent</subfield>
  </datafield>
  <datafield tag="337" ind1=" " ind2=" ">
    <subfield code="a">Bez urz&#x105;dzenia po&#x15B;rednicz&#x105;cego</subfield>
    <subfield code="b">n</subfield>
    <subfield code="2">rdamedia</subfield>
  </datafield>
  <datafield tag="338" ind1=" " ind2=" ">
    <subfield code="a">Wolumin</subfield>
    <subfield code="b">nc</subfield>
    <subfield code="2">rdacarrier</subfield>
  </datafield>
  <datafield tag="380" ind1=" " ind2=" ">
    <subfield code="a">Ksi&#x105;&#x17C;ki</subfield>
  </datafield>
  <datafield tag="650" ind1=" " ind2="7">
    <subfield code="a">Pedagogika</subfield>
    <subfield code="2">DBN</subfield>
    <subfield code="9">39342</subfield>
  </datafield>
  <datafield tag="650" ind1=" " ind2="7">
    <subfield code="a">Edukacja</subfield>
    <subfield code="v">encyklopedie.</subfield>
    <subfield code="2">kaba</subfield>
    <subfield code="9">39889</subfield>
  </datafield>
  <datafield tag="650" ind1=" " ind2="7">
    <subfield code="a">Pedagogika</subfield>
    <subfield code="v">encyklopedie.</subfield>
    <subfield code="2">kaba</subfield>
    <subfield code="9">39890</subfield>
  </datafield>
  <datafield tag="655" ind1=" " ind2="7">
    <subfield code="a">Encyklopedia</subfield>
    <subfield code="2">DBN</subfield>
    <subfield code="9">34994</subfield>
  </datafield>
  <datafield tag="700" ind1="1" ind2=" ">
    <subfield code="a">Roloff, Ernst Max</subfield>
    <subfield code="d">(1867-1935).</subfield>
    <subfield code="e">Red.</subfield>
    <subfield code="9">39892</subfield>
  </datafield>
  <datafield tag="700" ind1="1" ind2=" ">
    <subfield code="a">Willmann, Otto</subfield>
    <subfield code="d">(1839-1920).</subfield>
    <subfield code="e">Oprac.</subfield>
    <subfield code="9">39891</subfield>
  </datafield>
  <datafield tag="710" ind1="2" ind2=" ">
    <subfield code="a">Herdersche Verlagsbuchhandlung.</subfield>
    <subfield code="4">pbl</subfield>
    <subfield code="9">36009</subfield>
  </datafield>
  <datafield tag="942" ind1=" " ind2=" ">
    <subfield code="2">ddc</subfield>
    <subfield code="c">BK_NM</subfield>
  </datafield>
  <datafield tag="999" ind1=" " ind2=" ">
    <subfield code="c">27543</subfield>
    <subfield code="d">27543</subfield>
  </datafield>
  <datafield tag="952" ind1=" " ind2=" ">
    <subfield code="0">0</subfield>
    <subfield code="1">0</subfield>
    <subfield code="2">ddc</subfield>
    <subfield code="4">0</subfield>
    <subfield code="7">0</subfield>
    <subfield code="8">PBKH</subfield>
    <subfield code="a">BIP</subfield>
    <subfield code="b">PBKH</subfield>
    <subfield code="d">2026-04-11</subfield>
    <subfield code="e">K-48/1963</subfield>
    <subfield code="f">K</subfield>
    <subfield code="i">15511/3</subfield>
    <subfield code="l">0</subfield>
    <subfield code="o">15511/3</subfield>
    <subfield code="p">IPWK23763</subfield>
    <subfield code="r">2026-04-11 21:02:34</subfield>
    <subfield code="w">2026-04-11</subfield>
    <subfield code="y">BK_NM</subfield>
  </datafield>
</record>
